书目信息 |
| 题名: |
小说36计
|
|
| 作者: | 郑文金 著 | |
| 分册: | 第3计 借刀杀人:大趋势的作手-范文程 | |
| 出版信息: | 珠海 珠海出版社 2001.02 |
|
| 页数: | 340页 | |
| 开本: | 20cm | |
| 丛书名: | ||
| 单 册: | ||
| 中图分类: | I247.83 | |
| 科图分类: | ||
| 主题词: | 小说--中国 | |
| 电子资源: | ||
| ISBN: | 7-80607-746-4 | |
| 000 | 00634nam0 2200193 450 | |
| 001 | 0754972079 | |
| 005 | 20070327162815.75 | |
| 010 | @a7-80607-746-4@dCNY22.00 | |
| 100 | @a20070327d2001 km y0chiy0120 ea | |
| 101 | 0 | @achi |
| 200 | 1 | @a小说36计@Axiao shuo 36 ji@h第3计@i借刀杀人:大趋势的作手-范文程@f郑文金著@Fzheng wen jin zhu |
| 210 | @a珠海@c珠海出版社@d2001.02 | |
| 215 | @a340页@d20cm | |
| 517 | 1 | @a借刀杀人:大趋势的作手-范文程@Ajie dao sha ren:da qu shi de zuo shou-fan wen cheng |
| 606 | 0 | @a小说@x中国 |
| 690 | @aI247.83@v3 | |
| 701 | 0 | @a郑文金@Azheng wen jin@4著 |
| 801 | 0 | @aCN@c20070327 |
| 905 | @a10447@dI247.83@eZ4511 | |
| 小说36计.第3计.借刀杀人:大趋势的作手-范文程/郑文金著.-珠海:珠海出版社,2001.02 |
| 340页;20cm |
| ISBN 7-80607-746-4:CNY22.00 |
| ● |
| 相关链接 |
|
|
|
正题名:小说36计
索取号:I247.83/Z4511
 
预约/预借
| 序号 | 登录号 | 条形码 | 馆藏地/架位号 | 状态 | 备注 |
| 1 | 447681 | 204476815 | 文学库108/108文学库 65排2列2层/ [索取号:I247.83/Z4511] | 在馆 |